Statistics for Mashhad Shahid Hasheminejad Int. Airport Destinatons (Mashhad, Iran)

Click here to take the quiz!

General Stats

  • This quiz has been taken 9 times
  • The average score is 18 of 44

Answer Stats

AirlineDestination% Correct
ATA Airlines/Fly Baghdad/Iraqi Airways/Mahan Air/Meraj Airlines/Sepehran Airlines/Taban AirBaghdad
89%
flydubai/Iran AirtourDubai (International)
89%
Air1/Asa Jet/ATA Airlines/Caspian Airlines/Chabahar Airlines/FlyPersia/Iran Air/Iran Airtour/Iran Aseman Airlines/Karun Airlines/Kish Air/Mahan Air/Meraj Airlines/Pars Air/Pouya Air/Qeshm Air/Sepehran Airlines/Taban Air/Varesh Airlines/Yazd Air/Zagros AirlinesTehran (Mehrabad)
89%
Iran Airtour/Turkish AirlinesIstanbul
78%
Ariana Afghan Airlines/Kish Air/Mahan AirKabul
78%
Iran Air/Jazeera Airways/Kish Air/Kuwait Airways/Sepehran Airlines/Varesh AirlinesKuwait City
78%
Asa Jet/ATA Airlines/Caspian Airlines/FlyPersia/Iran Air/Iran Airtour/Iran Aseman Airlines/Kish Air/Mahan Air/Meraj Airlines/Qeshm Air/Taban Air/Varesh Airlines/Zagros AirlinesIsfahan
67%
ATA Airlines/Caspian Airlines/Iran Air/Iran Airtour/Iran Aseman Airlines/Karun Airlines/Kish Air/Qeshm Air/Sepehran Airlines/Taban Air/Varesh Airlines/Zagros AirlinesAhvaz
56%
Iran Airtour/Iran Aseman Airlines/Kish Air/Pouya Air/Sepehran AirlinesBandar Abbas
56%
Mahan Air/Meraj AirlinesBeirut
56%
Qatar AirwaysDoha
56%
Varesh AirlinesDushanbe
56%
Iran AirJeddah
56%
Kish Air/Mahan Air/Taban AirLahore
56%
ATA Airlines/Caspian Airlines/Fly Baghdad/Iran Airtour/Iran Aseman Airlines/Iraqi Airways/Meraj Airlines/Qeshm Air/Sepehran Airlines/Taban Air/Zagros AirlinesNajaf
56%
ATA Airlines/Caspian Airlines/FlyPersia/Iran Air/Iran Airtour/Iran Aseman Airlines/Kish Air/Pars Air/Qeshm Air/Sepehran Airlines/Taban Air/Varesh Airlines/Zagros AirlinesShiraz
56%
Asa Jet/ATA Airlines/Caspian Airlines/Iran Airtour/Iran Aseman Airlines/Meraj Airlines/Pouya Air/Sepehran Airlines/Taban Air/Varesh Airlines/Zagros AirlinesTabriz
56%
Iran AirMedina
44%
Asa Jet/ATA Airlines/Caspian Airlines/FlyPersia/Iran Airtour/Iran Aseman Airlines/Pars Air/Qeshm Air/Sepehran Airlines/Taban Air/Varesh Airlines/Zagros AirlinesAbadan
33%
ATA Airlines/Iran Aseman AirlinesArdabil
33%
Ariana Afghan Airlines/Kish AirKandahar
33%
Caspian Airlines/Mahan AirKerman
33%
ATA Airlines/Caspian Airlines/Iran Airtour/Iran Aseman Airlines/Kish Air/Mahan Air/Meraj Airlines/Sepehran Airlines/Taban Air/Varesh Airlines/Zagros AirlinesKish
33%
Oman Air/Qeshm Air/SalamAir/Taban AirMuscat
33%
Air ArabiaSharjah
33%
ATA Airlines/Iran Air/Iran Aseman Airlines/Varesh AirlinesUrmia
33%
ATA Airlines/Caspian Airlines/FlyPersia/Iran Aseman Airlines/Kish Air/Pouya Air/Sepehran Airlines/Yazd AirYazd
33%
ATA Airlines/Caspian Airlines/Iran Airtour/Iran Aseman Airlines/Qeshm Air/Sepehran Airlines/Taban AirZahedan
33%
Iran AirBirjand
22%
Iran Aseman Airlines/Pouya AirGorgan
22%
Sepehran Airlines/Varesh AirlinesKermanshah
22%
Ariana Afghan Airlines/Mahan AirMazar-i-Sharif
22%
Qeshm AirQeshm
22%
ATA Airlines/Caspian Airlines/Iran Airtour/Iran Aseman Airlines/Kish Air/Sepehran Airlines/Taban AirRasht
22%
ATA Airlines/Caspian Airlines/Kish Air/Taban Air/Varesh AirlinesSari
22%
Qeshm AirZabol
22%
Mahan AirZanjan
22%
Caspian Airlines/Mahan Air/Meraj Airlines/Sepehran AirlinesAsaluyeh
11%
ATA Airlines/Caspian Airlines/Iran Airtour/Iran Aseman Airlines/Sepehran Airlines/Zagros AirlinesBushehr
11%
Iran Airtour/Iran Aseman Airlines/Pouya Air/Sepehran Airlines/Zagros AirlinesChabahar/Konarak
11%
Karun AirlinesDezful
11%
Iran Aseman AirlinesIlam
11%
Kish AirLamerd
11%
Karun AirlinesMahshahr
11%

Score Distribution

Percentile by Number Answered

Percent of People with Each Score

Your Score History

You have not taken this quiz